000 00760nam a22002177a 4500
005 20170811103251.0
010 _aB-529823-847
020 _a9781908357137
_c99.00
035 _aB-529823-847
035 _aB-664822
037 _adpl
_bStar Pub/Ven
082 _aN
100 _aStoker Bram
245 _aDracula/
_cby Bram Stoker
260 _aLondon
_bibs Books (UK)
_c2012
270 _a55, Warren Street
_bLondon
_eWIT 5NW
_minfo@ibsbooks.co.uk
300 _a104p.
_bill.
_c20cm(Hb)
942 _2ddc
_cCH
_hN
_mSTO
999 _c84526
_d84526